| 000 | 00694nam a2200241Ia 4500 | ||
|---|---|---|---|
| 003 | PILC | ||
| 005 | 20150512112040.0 | ||
| 008 | 140130s9999 xx 000 0 und d | ||
| 020 | _a9780439136365 | ||
| 020 | _a0439136369 | ||
| 050 |
_aPZ 7 _b.R797 2001 |
||
| 100 |
_aRowling, J.K. _917401 |
||
| 245 |
_aHarry Potter and the prisoner of azkaban / _cJ.K. Rowling ; illustrations by Mary GrandPre. |
||
| 260 |
_aNew York : _bScholastic, _c2001. |
||
| 300 |
_aix, 435 pages : _billustrations ; _c24 cm. |
||
| 440 |
_v1 _931174 |
||
| 500 | _aSpine : Year 3 | ||
| 526 | _c880 | ||
| 650 | _aHarry Potter. | ||
| 700 |
_aGrandPre, Mary, _eillustrator. |
||
| 942 |
_cBK _2lcc |
||
| 999 |
_c283969 _d283969 |
||